| 000 | 00993nam a22002417a 4500 | ||
|---|---|---|---|
| 003 | KOHA_MİRAKIL | ||
| 005 | 20260415090124.0 | ||
| 008 | 260415b tu ||||| |||| 00| 0 tur d | ||
| 040 |
_aTR-AnABB _btur _cTR-AnABB |
||
| 041 | _atur | ||
| 082 |
_a307.12561 _bGUN 1989 C.3 |
||
| 110 | 2 |
_aT.C. _bBaşbakanlık _bDevlet Planlama Teşkilatı _93454 |
|
| 245 | 1 | 0 |
_aGüneydoğu Anadolu Projesi Master plan çalışması : _bMaster plan nihai raporu / _cDevlet Planlama Teşkilatı |
| 246 | _aEK A, B, C | ||
| 260 |
_aAnkara : _b[yayl. y.] , _c1989 |
||
| 300 |
_a3.c., 27 sayfa : _bresim, harita, tablo ; _c24 cm |
||
| 500 | _a3. Cilt : Ek A, B, C | ||
| 505 | _aİçindekiler: Ek A: Tarımda Mevcut Koşullar ve Geleceği - EK B: Sanayide Mevcut koşullar ve geleceği - Ek C: Sosyo-ekonomik projeksiyon ve yatırım tahminlerinde kullanılan veriler | ||
| 650 | 0 | 4 | _aBölge planlama |
| 650 | 0 | 4 | _aBölge planlama, Türkiye |
| 900 | _bCan ÇELIK | ||
| 942 |
_2ddc _cBK |
||
| 999 |
_c10251 _d10251 |
||